Countries By Their Real Names - Statistics

General Stats
  • This quiz has been taken 43 times
  • The average score is 11 of 16
Answer Stats
Hint Answer % Correct
Germany ---> Deutschland
97%
Italy ---> Italia
92%
Spain ---> España
84%
Brazil ---> Brasil
81%
Turkey ---> Türkiye
76%
Austria ---> Österreich
70%
Finland ---> Suomi
70%
Netherlands ---> Nederland
68%
Poland ---> Polska
68%
Greece ---> Hellas
62%
East timor ---> Timor-Lester
62%
Denmark ---> Danmark
57%
Japan ---> Nippon
57%
Norway ---> Norge
51%
India ---> Bhārat
41%
Egypt ---> Misr
27%
No matching quizzes found
Score Distribution
Percent of People with Each Score
Percentile by Number Answered
Your Score History
You have not taken this quiz